000 00415nam a2200169Ia 4500
008 151213s9999 xx 000 0 und d
020 _a817808497-X
100 _aIan Sommervill
245 _aSoftware Engineering
_cIan Sommervill
250 _a6th
260 _aNew Delhi
_bPearson Education
_c2001
300 _a5314 p.
650 _aComputer
650 _aComputer
700 _aIan Sommervill
999 _c3263
_d3263